Statistics for #1 Hits of the 2000s

Click here to take the quiz!

General Stats

  • This quiz has been taken 144,548 times
    (111,143 since last reset)
  • The average score is 34 of 83

Answer Stats

HitsArtist% Correct
Just Dance / Poker FaceLady Gaga
95%
Crazy in Love / +4 othersBeyoncé
93%
SOS / Umbrella / Take a Bow / DisturbiaRihanna
91%
I Kissed a GirlKaty Perry
89%
Crack a BottleEminem / Dr. Dre /
50 Cent
88%
I Gotta Feeling / Boom Boom PowThe Black Eyed Peas
87%
Empire State of MindJay-Z / Alicia Keys
86%
Hips Don't LieShakira
83%
Lose YourselfEminem
80%
In Da Club / 21 Questions / Candy Shop50 Cent
79%
SexyBack / My Love / What Goes Around... Comes AroundJustin Timberlake
79%
Gold Digger / StrongerKanye West
78%
Viva la VidaColdplay
76%
3 / WomanizerBritney Spears
75%
Lady MarmaladeChristina Aguilera /
Lil' Kim / Mýa /P!nk
75%
Ms. Jackson / Hey Ya! / The Way You MoveOutkast
73%
Yeah! / +6 othersUsher
69%
Hollaback GirlGwen Stefani
68%
So WhatP!nk
64%
Fallin' / No OneAlicia Keys
63%
London Bridge / Glamorous / Big Girls Don't CryFergie
63%
Shake Ya TailfeatherNelly / P. Diddy /
Murphy Lee
63%
Hot in Herre / Dilemma / GrillzNelly
62%
Whatever You Like / Live Your LifeT.I.
59%
Say My Name / Independent Women Part I / BootyliciousDestiny's Child
58%
Low / Right RoundFlo Rida
58%
Drop It Like It's HotSnoop Dogg
58%
FirefliesOwl City
57%
Crank That (Soulja Boy)Soulja Boy Tell 'Em
57%
A Moment Like This / My Life Would Suck Without YouKelly Clarkson
55%
DownJay Sean
52%
Whatcha SayJason Derulo
50%
GirlfriendAvril Lavigne
48%
What a Girl Wants / Come on Over Baby (All I Want Is You)Christina Aguilera
47%
It Wasn't Me / AngelShaggy
46%
Thank God I Found You / + 3 othersMariah Carey
45%
Promiscuous / Say it RightNelly Furtado
45%
Bleeding LoveLeona Lewis
43%
Hey There DelilahPlain White T's
43%
How You Remind MeNickelback
40%
Beautiful GirlsSean Kingston
39%
You're BeautifulJames Blunt
38%
It's Gonna Be Me'N Sync
37%
Smooth / Maria MariaSantana
36%
Get Busy / TemperatureSean Paul
36%
MusicMadonna
35%
LollipopLil Wayne
34%
Run It! / Kiss KissChris Brown
32%
So SickNe-Yo
31%
I'm Real / Ain't it Funny / All I HaveJennifer Lopez
29%
Buy U a Drank (Shawty Snappin')T-Pain
29%
Makes me WonderMaroon 5
27%
Bad DayDaniel Powter
25%
I Wanna Love You / Don't MatterAkon
23%
Doesn't Really Matter / All for YouJanet Jackson
22%
Family AffairMary J. Blige
22%
Let me Love YouMario
21%
Give it to MeTimbaland
21%
With Arms Wide OpenCreed
20%
Ridin'Chamillionaire
18%
GoodiesCiara
18%
Stand Up / Money MakerLudacris
17%
FoolishAshanti
15%
Try AgainAaliyah
13%
Always on TimeJa Rule
13%
ButterflyCrazy Town
12%
AmazedLonestar
10%
BentMatchbox Twenty
10%
I Knew I Loved YouSavage Garden
10%
Slow JamzTwista
10%
Be With YouEnrique Iglesias
9%
This Is Why I'm HotMims
9%
Lean BackTerror Squad
9%
Bump, Bump, BumpB2K
8%
Inside Your HeavenCarrie Underwood
8%
Laffy TaffyD4L
8%
StutterJoe
7%
IncompleteSisqó
7%
Slow MotionJuvenile
6%
Everything You WantVertical Horizon
6%
This Is the NightClay Aiken
5%
Do I Make You ProudTaylor Hicks
5%
I BelieveFantasia
4%

Score Distribution

Percentile by Number Answered

Percent of People with Each Score

Your Score History

You have not taken this quiz since the last reset